=LDR 00000nam 2200000 4500 =001 INLIS000000000010867 =005 20130612102457 =008 ***********************************Ind** =035 ##$$0010-061300000010867 =041 ##$$a Ind =082 ##$$a 665.776 =090 ##$$a 665.776, Pai a =100 ##$$a PAIMAN,Farry =245 ##$$a Alat Pembuat Biogas DARI DRUM, FARRY B. PIMIN =260 ##$$a 1995 $b Jakarta =300 ##$$a VIII,52 Hlm, ilus, 21 cm =650 ##$$a BIOGAS-ALAT DAN PERALATAN =850 ##$$a NBPNMAT